| 000 | 02096cam a22004934i 4500 | ||
|---|---|---|---|
| 003 | PE-LiUPU | ||
| 005 | 20250731172747.0 | ||
| 008 | 150617s1970 sp r 000 0 spa d | ||
| 035 | _a(Sirsi) a12290 | ||
| 040 |
_aPE-LiUPU _bspa _cPE-LiUPU _erda |
||
| 049 | _aPRUA | ||
| 082 | 0 | 4 |
_a236.8 _bC93 _221 |
| 100 | 1 |
_aCullmann, Oscar, _eautor. |
|
| 245 | 1 | 3 |
_aLa Inmortalidad del Alma o la Resurrección de los Cuerpos / _cOscar Cullmann. |
| 264 | 1 |
_aMadrid : _bEdiciones Stvdivm, _c1970. |
|
| 300 |
_a73 páginas ; _c18 centímetros |
||
| 336 |
_atext _2rdacontent |
||
| 337 |
_aunmediated _2rdamedia |
||
| 338 |
_avolume _2rdacarrier |
||
| 505 | 0 | _aEl último enemigo: la muerte. Sócrates y Jesús -- El salario del pecado, la muerte.Cuerpo y alma. Alma y espíritu -- El primogénito de entre los muertos -- Entre la resurrección de Cristo y el aniquilamiento de la muerte -- Los que duermen. Espíritu Santo y estado intermedio de los muertos. | |
| 526 | _aSEG42 | ||
| 526 | _aSEG41 | ||
| 526 | _aSEG40 | ||
| 526 | _aSEG39 | ||
| 526 | _aP94 | ||
| 526 | _aP87 | ||
| 526 | _aP86 | ||
| 526 | _aP85 | ||
| 526 | _aP77 | ||
| 526 | _aP76 | ||
| 526 | _aP35 | ||
| 650 | 0 | 4 |
_aInmortalidad. _92462 |
| 650 | 0 | 4 |
_aResurrección. _93827 |
| 910 |
_ajck _bjvq _cjck _d20150616 |
||
| 942 |
_2ddc _cBOOK |
||
| 949 |
_a236.8 C93 _wDEWEY _c1 _i14194 _lCCODEBUL1 _mBUL _p10.00 _r0 _sY _tBOOK _u19751029 _xTEOLOGIA _PP35 _0COMPRA _o.STAFF. Colección Teología |
||
| 949 |
_a236.8 C93 _wDEWEY _c2 _i10235 _lCCODEBUL1 _mBUL _p10.00 _r0 _sY _tBOOK _u19751029 _xTEOLOGIA _PP35 _0COMPRA _o.STAFF. Colección Teología |
||
| 994 |
_aC0 _bPEPRU |
||
| 596 | _a1 | ||
| 999 |
_a236.8 C93 _wDEWEY _c2532 _i14194 _d2532 _e2019-7-12 _f2021-11-11 _g5 _lCCODEBUL1 _mBUL _n1 _r0 _sY _tBOOK _u2015-6-17 _xTEOLOGIA _PP35 _0COMPRA _o.STAFF. Colección general |
||
| 999 |
_a236.8 C93 _wDEWEY _c2 _i10235 _d2019-7-14 _e2019-7-12 _f2021-11-11 _g5 _lCCODEBUL1 _mBUL _n2 _p10.00 _q2 _r0 _sY _tBOOK _u2015-6-17 _xTEOLOGIA _PP35 _0COMPRA _o.STAFF. Colección Teología |
||
| 980 |
_81 _gALBERTO SANCHEZ Responsable de Automatización |
||